<?xml version="1.0" encoding="UTF-8"?>
<record
    xmlns:xsi="http://www.w3.org/2001/XMLSchema-instance"
    xsi:schemaLocation="http://www.loc.gov/MARC21/slim http://www.loc.gov/standards/marcxml/schema/MARC21slim.xsd"
    xmlns="http://www.loc.gov/MARC21/slim">

  <leader>02187nam2a2200277   4500</leader>
  <controlfield tag="001">rc\2986182</controlfield>
  <controlfield tag="005">20260315062835.0</controlfield>
  <datafield tag="035" ind1=" " ind2=" ">
    <subfield code="a">(NLR Aleph) 007130665</subfield>
  </datafield>
  <datafield tag="090" ind1=" " ind2=" ">
    <subfield code="a">13612409</subfield>
    <subfield code="c">13612409</subfield>
  </datafield>
  <datafield tag="100" ind1=" " ind2=" ">
    <subfield code="a">20110912d1938    u  y0rusy50      ca</subfield>
  </datafield>
  <datafield tag="101" ind1="0" ind2=" ">
    <subfield code="a">rus</subfield>
  </datafield>
  <datafield tag="102" ind1=" " ind2=" ">
    <subfield code="a">RU</subfield>
  </datafield>
  <datafield tag="105" ind1=" " ind2=" ">
    <subfield code="a">a   z   |||||</subfield>
  </datafield>
  <datafield tag="200" ind1="0" ind2=" ">
    <subfield code="a">&#x422;. 2</subfield>
    <subfield code="h">&#x427;. 3</subfield>
    <subfield code="i">&#x41E;&#x431;&#x43E;&#x441;&#x43D;&#x43E;&#x432;&#x430;&#x43D;&#x438;&#x435; &#x443;&#x441;&#x442;&#x440;&#x43E;&#x439;&#x441;&#x442;&#x432;&#x430; &#x440;&#x435;&#x43B;&#x44C;&#x441;&#x43E;&#x432;&#x43E;&#x439; &#x43A;&#x43E;&#x43B;&#x435;&#x438; &#x43D;&#x430; &#x43F;&#x440;&#x44F;&#x43C;&#x44B;&#x445; &#x438; &#x43A;&#x440;&#x438;&#x432;&#x44B;&#x445;</subfield>
    <subfield code="f">&#x413;.&#x41C;. &#x428;&#x430;&#x445;&#x443;&#x43D;&#x44F;&#x43D;&#x446;</subfield>
    <subfield code="h">&#x427;. 4</subfield>
    <subfield code="i">&#x421;&#x43E;&#x435;&#x434;&#x438;&#x43D;&#x435;&#x43D;&#x438;&#x44F; &#x438; &#x43F;&#x435;&#x440;&#x435;&#x447;&#x438;&#x441;&#x43B;&#x435;&#x43D;&#x438;&#x44F; &#x440;&#x435;&#x43B;&#x44C;&#x441;&#x43E;&#x432;&#x44B;&#x445; &#x43F;&#x443;&#x442;&#x435;&#x439;</subfield>
    <subfield code="f">&#x410;. &#x41D;. &#x421;&#x442;&#x430;&#x445;&#x430;&#x43D;&#x43E;&#x432;</subfield>
    <subfield code="h">&#x427;. 5</subfield>
    <subfield code="i">&#x420;&#x430;&#x441;&#x447;&#x435;&#x442; &#x432;&#x435;&#x440;&#x445;&#x43D;&#x435;&#x433;&#x43E; &#x441;&#x442;&#x440;&#x43E;&#x435;&#x43D;&#x438;&#x44F; &#x43F;&#x443;&#x442;&#x438;</subfield>
    <subfield code="f">&#x41D;. &#x422;. &#x41C;&#x438;&#x442;&#x44E;&#x448;&#x438;&#x43D;</subfield>
    <subfield code="g">&#x41D;&#x41A;&#x41F;&#x421;, &#x426;&#x435;&#x43D;&#x442;&#x440;. &#x443;&#x43F;&#x440;. &#x443;&#x447;&#x435;&#x431;. &#x437;&#x430;&#x432;&#x435;&#x434;&#x435;&#x43D;&#x438;&#x44F;&#x43C;&#x438;</subfield>
  </datafield>
  <datafield tag="210" ind1=" " ind2=" ">
    <subfield code="d">1938</subfield>
  </datafield>
  <datafield tag="215" ind1=" " ind2=" ">
    <subfield code="a">496 &#x441;., 5 &#x432;&#x43A;&#x43B;. &#x43B;. &#x447;&#x435;&#x440;&#x442;.</subfield>
    <subfield code="c">&#x438;&#x43B;., &#x447;&#x435;&#x440;&#x442;.</subfield>
    <subfield code="d">27 &#x441;&#x43C;</subfield>
  </datafield>
  <datafield tag="461" ind1=" " ind2="0">
    <subfield code="1">001rc\2986180</subfield>
    <subfield code="1">2000#$a&#x423;&#x441;&#x442;&#x440;&#x43E;&#x439;&#x441;&#x442;&#x432;&#x43E; &#x43F;&#x443;&#x442;&#x438; &#x438; &#x441;&#x43F;&#x43E;&#x441;&#x43E;&#x431;&#x44B; &#x435;&#x433;&#x43E; &#x43B;&#x435;&#x447;&#x435;&#x43D;&#x438;&#x44F;$e&#x423;&#x442;&#x432;. &#x426;&#x435;&#x43D;&#x442;&#x440;. &#x443;&#x43F;&#x440;. &#x443;&#x447;&#x435;&#x431;. &#x437;&#x430;&#x432;&#x435;&#x434;&#x435;&#x43D;&#x438;&#x44F;&#x43C;&#x438; &#x41D;&#x430;&#x440;. &#x43A;&#x43E;&#x43C;. &#x43F;&#x443;&#x442;. &#x441;&#x43E;&#x43E;&#x431;&#x449;. &#x432; &#x43A;&#x430;&#x447;&#x435;&#x441;&#x442;&#x432;&#x435; &#x443;&#x447;&#x435;&#x431;&#x43D;&#x438;&#x43A;&#x430; &#x434;&#x43B;&#x44F; &#x432;&#x442;&#x443;&#x437;&#x43E;&#x432; &#x436;.-&#x434;. &#x442;&#x440;&#x430;&#x43D;&#x441;&#x43F;&#x43E;&#x440;&#x442;&#x430;$f&#x412;&#x435;&#x434;&#x435;&#x43D;&#x438;&#x441;&#x43E;&#x432; &#x411;.&#x41D;., &#x41C;&#x438;&#x442;&#x44E;&#x448;&#x438;&#x43D; &#x41D;.&#x422;., &#x421;&#x442;&#x430;&#x445;&#x430;&#x43D;&#x43E;&#x432; &#x410;.&#x41D;., &#x428;&#x430;&#x445;&#x443;&#x43D;&#x44F;&#x43D;&#x446; &#x413;.&#x41C;.$g&#x41F;&#x43E;&#x434; &#x43E;&#x431;&#x449;. &#x440;&#x435;&#x434;. &#x43F;&#x440;&#x43E;&#x444;. &#x412;&#x435;&#x434;&#x435;&#x43D;&#x438;&#x441;&#x43E;&#x432;&#x430; &#x411;.&#x41D;. &#x438; &#x43F;&#x440;&#x43E;&#x444;. &#x41C;&#x438;&#x442;&#x44E;&#x448;&#x438;&#x43D;&#x430; &#x41D;.&#x422;.$g&#x41D;&#x41A;&#x41F;&#x421;, &#x426;&#x435;&#x43D;&#x442;&#x440;. &#x443;&#x43F;&#x440;. &#x443;&#x447;&#x435;&#x431;. &#x437;&#x430;&#x432;&#x435;&#x434;&#x435;&#x43D;&#x438;&#x44F;&#x43C;&#x438;$v&#x422;. 2</subfield>
    <subfield code="9">6956032</subfield>
    <subfield code="c">&#x41C;&#x43E;&#x441;&#x43A;&#x432;&#x430;</subfield>
    <subfield code="d">1938</subfield>
    <subfield code="f">&#x412;&#x435;&#x434;&#x435;&#x43D;&#x438;&#x441;&#x43E;&#x432; &#x411;.&#x41D;., &#x41C;&#x438;&#x442;&#x44E;&#x448;&#x438;&#x43D; &#x41D;.&#x422;., &#x421;&#x442;&#x430;&#x445;&#x430;&#x43D;&#x43E;&#x432; &#x410;.&#x41D;., &#x428;&#x430;&#x445;&#x443;&#x43D;&#x44F;&#x43D;&#x446; &#x413;.&#x41C;.</subfield>
    <subfield code="n">&#x438;&#x437;&#x434;-&#x432;&#x43E; &#x438; 1 &#x442;&#x438;&#x43F;. &#x422;&#x440;&#x430;&#x43D;&#x441;&#x436;&#x435;&#x43B;&#x434;&#x43E;&#x440;&#x438;&#x437;&#x434;&#x430;&#x442;&#x430;</subfield>
    <subfield code="o">&#x423;&#x442;&#x432;. &#x426;&#x435;&#x43D;&#x442;&#x440;. &#x443;&#x43F;&#x440;. &#x443;&#x447;&#x435;&#x431;. &#x437;&#x430;&#x432;&#x435;&#x434;&#x435;&#x43D;&#x438;&#x44F;&#x43C;&#x438; &#x41D;&#x430;&#x440;. &#x43A;&#x43E;&#x43C;. &#x43F;&#x443;&#x442;. &#x441;&#x43E;&#x43E;&#x431;&#x449;. &#x432; &#x43A;&#x430;&#x447;&#x435;&#x441;&#x442;&#x432;&#x435; &#x443;&#x447;&#x435;&#x431;&#x43D;&#x438;&#x43A;&#x430; &#x434;&#x43B;&#x44F; &#x432;&#x442;&#x443;&#x437;&#x43E;&#x432; &#x436;.-&#x434;. &#x442;&#x440;&#x430;&#x43D;&#x441;&#x43F;&#x43E;&#x440;&#x442;&#x430;</subfield>
    <subfield code="t">&#x423;&#x441;&#x442;&#x440;&#x43E;&#x439;&#x441;&#x442;&#x432;&#x43E; &#x43F;&#x443;&#x442;&#x438; &#x438; &#x441;&#x43F;&#x43E;&#x441;&#x43E;&#x431;&#x44B; &#x435;&#x433;&#x43E; &#x43B;&#x435;&#x447;&#x435;&#x43D;&#x438;&#x44F;</subfield>
    <subfield code="v">&#x422;. 2</subfield>
  </datafield>
  <datafield tag="701" ind1=" " ind2="1">
    <subfield code="7">ca</subfield>
    <subfield code="8">rus</subfield>
    <subfield code="a">&#x428;&#x430;&#x445;&#x443;&#x43D;&#x44F;&#x43D;&#x446;</subfield>
    <subfield code="b">&#x413;. &#x41C;.</subfield>
    <subfield code="f">1904-1980</subfield>
    <subfield code="g">&#x413;&#x435;&#x43E;&#x440;&#x433;&#x438;&#x439; &#x41C;&#x438;&#x445;&#x430;&#x439;&#x43B;&#x43E;&#x432;&#x438;&#x447;</subfield>
    <subfield code="9">153076</subfield>
    <subfield code="3">RU\NLR\AUTH\770153114</subfield>
  </datafield>
  <datafield tag="701" ind1=" " ind2="1">
    <subfield code="a">&#x421;&#x442;&#x430;&#x445;&#x430;&#x43D;&#x43E;&#x432;</subfield>
    <subfield code="b">&#x410;.&#x41D;.</subfield>
  </datafield>
  <datafield tag="701" ind1=" " ind2="1">
    <subfield code="a">&#x41C;&#x438;&#x442;&#x44E;&#x448;&#x438;&#x43D;</subfield>
    <subfield code="b">&#x41D;.&#x422;.</subfield>
  </datafield>
  <datafield tag="801" ind1=" " ind2="0">
    <subfield code="a">RU</subfield>
    <subfield code="b">NLR</subfield>
    <subfield code="g">psbo</subfield>
  </datafield>
  <datafield tag="801" ind1=" " ind2="1">
    <subfield code="a">RU</subfield>
    <subfield code="b">ELAR</subfield>
    <subfield code="2">rusmarc</subfield>
  </datafield>
  <datafield tag="852" ind1=" " ind2=" ">
    <subfield code="a">NLR</subfield>
    <subfield code="j">38-19/36(2)</subfield>
  </datafield>
  <datafield tag="942" ind1=" " ind2=" ">
    <subfield code="c">UNSPEC</subfield>
  </datafield>
  <datafield tag="980" ind1=" " ind2=" ">
    <subfield code="a">NB</subfield>
  </datafield>
</record>
